A határvidék perspektívájából
Elmentve itt :
| Szerző: | |
|---|---|
| Adatforrás: | Meister |
| Forrásdokumentuma: | Korunk. - 1 sz., 1999, 10-14 p. |
| Nyelv: | magyar |
| Kulcsszavak: | politológia politikai intézmények kisebbségi kérdés Marosvásárhely, 1990 március nacionalizmus kommunizmus közép-európaiság nemzetállam regionalizmus határ Románia Temesvár Marosvásárhely Közép-Európa BERLIN Isaiah BILLIG Michael ENACHE Smaranda Pro Európa Liga |
| LEADER | 00875nab a2200325 i 4500 | ||
|---|---|---|---|
| 001 | bibPRO00003535 | ||
| 008 | 060524s1999 xx hun | ||
| 040 | |a Sz1 | ||
| 041 | |a hun | ||
| 100 | 1 | |a CZYZEWSKI Krysztof | |
| 245 | 1 | 2 | |a A határvidék perspektívájából |c CZYZEWSKI Krysztof |
| 695 | |a politológia | ||
| 695 | |a politikai intézmények | ||
| 695 | |a kisebbségi kérdés | ||
| 695 | |a Marosvásárhely, 1990 március | ||
| 695 | |a nacionalizmus | ||
| 695 | |a kommunizmus | ||
| 695 | |a közép-európaiság | ||
| 695 | |a nemzetállam | ||
| 695 | |a regionalizmus | ||
| 695 | |a határ | ||
| 695 | |a Románia | ||
| 695 | |a Temesvár | ||
| 695 | |a Marosvásárhely | ||
| 695 | |a Közép-Európa | ||
| 695 | |a BERLIN Isaiah | ||
| 695 | |a BILLIG Michael | ||
| 695 | |a ENACHE Smaranda | ||
| 695 | |a Pro Európa Liga | ||
| 773 | 0 | |t Korunk. - |g 1 sz., 1999, 10-14 p. | |